|
|
|
|
| LEADER |
01132nam a2200241 u 4500 |
| 001 |
10119913 |
| 003 |
GR-PaULI |
| 005 |
20210117211033.0 |
| 008 |
160415n19uu gr gre |
| 952 |
|
|
|0 0
|1 0
|2 ddc
|4 0
|6 842_500000000000000_BEA
|7 0
|9 238973
|a LISP
|b LISP
|c BSC
|d 2020-02-06
|i 142205
|l 1
|o 842.5 BEA
|p 025000267344
|r 2025-03-04 13:32:11
|s 2025-02-26
|t 1
|v 2020.00
|w 2020-02-06
|y BK15
|
| 999 |
|
|
|c 144275
|d 144275
|
| 040 |
|
|
|a GR-PaULI
|c GR-PaULI
|b gre
|e AACR2
|
| 041 |
1 |
|
|a gre
|h fre
|
| 082 |
0 |
4 |
|a 842.5
|2 23
|
| 100 |
1 |
|
|a Beaumarchais, Pierre Augustin Caron de
|d 1732-1799
|4
|9 27113
|e συγγραφέας.
|
| 245 |
1 |
0 |
|a Ο κουρέας της Σεβίλλης και οι γάμοι του Φιγκαρό /
|c Μπωμαρσα ; μετάφρασι Γ. Σημηριώτη.
|
| 260 |
|
|
|a Αθήναι :
|b Αναγνωστίδης,
|c [19--].
|
| 300 |
|
|
|a 200 σ. ;
|c 23 εκ.
|
| 500 |
|
|
|a Τίτλος πρωτοτύπου : Le mariage de Figaro.
|
| 700 |
1 |
|
|a Σημηριώτης, Γιώργος,
|d 1879-1964
|e μεταφραστής.
|9 6270
|
| 760 |
0 |
|
|a Παγκόσμιο Θέατρο
|g 133
|
| 942 |
|
|
|2 ddc
|c BK15
|
| 998 |
|
|
|c ΜΠΟΥΡΑΣ
|d 2020-02
|